Visualizzazione normale
Vista MARC
- Marabelli, Costante,
di Personal Name
Records bibliografici associati: 1
001 - CONTROL NUMBER
- control field: 57164
003 - CONTROL NUMBER IDENTIFIER
- control field:
005 - DATE AND TIME OF LATEST TRANSACTION
- control field: 20180512114221.0
008 - FIXED-LENGTH DATA ELEMENTS
- fixed length control field: 180512|| aca||aabn | a|a d
040 ## - CATALOGING SOURCE
- Original cataloging agency:
- Transcribing agency:
100 ## - HEADING--PERSONAL NAME
- Personal name: Marabelli, Costante,
- Relator term: ed.
- Dates associated with a name: 1953-
670 ## - SOURCE DATA FOUND
- Source citation: Work cat.: ()0: Gilson, Étienne Henry, 1884-1978. autore 57158, Il tomismo :, 2011.